CURSO PRACTICO ITALIANO (Registro nro. 2047)
[ vista simple ]
| 000 -LEADER | |
|---|---|
| fixed length control field | 00785nam a22001817a 4500 |
| 003 - CONTROL NUMBER IDENTIFIER | |
| control field | OSt |
| 005 - DATE AND TIME OF LATEST TRANSACTION | |
| control field | 20260407121013.0 |
| 008 - FIXED-LENGTH DATA ELEMENTS--GENERAL INFORMATION | |
| fixed length control field | 260407b |||||||| |||| 00| 0 spa d |
| 100 ## - MAIN ENTRY--PERSONAL NAME | |
| Personal name | LINGUAPHONE INSTITUTE |
| 245 ## - TITLE STATEMENT | |
| Title | CURSO PRACTICO ITALIANO |
| 250 ## - EDITION STATEMENT | |
| Edition statement | 1RA EDICION |
| 260 ## - PUBLICATION, DISTRIBUTION, ETC. | |
| Place of publication, distribution, etc. | LONDON ,FLORIDA, BUENOS AIRES |
| Name of publisher, distributor, etc. | LINGUAJPHONE INSTITUTE |
| Date of publication, distribution, etc. | 1998 |
| 300 ## - PHYSICAL DESCRIPTION | |
| Extent | 150PAG |
| Dimensions | LIBRO DE BOLSILLO |
| 490 ## - SERIES STATEMENT | |
| Materials specified | HOJA RIGIDA |
| 520 ## - SUMMARY, ETC. | |
| Summary, etc. | El curso practico de italiano se adapta a niños y adultos ,a principiantes y a quienes teniendo un conocimiento teórico del idioma desean llegar a hablarlo con corrección |
| 650 ## - SUBJECT ADDED ENTRY--TOPICAL TERM | |
| Topical term or geographic name entry element | curso italiano |
| Form subdivision | Servir tanto para el aprendizaje particular o sin profesión |
| General subdivision | notas sobre el vocabulario , la pronunciación del italiano |
| 942 ## - ADDED ENTRY ELEMENTS (KOHA) | |
| Source of classification or shelving scheme | Dewey Decimal Classification |
| Koha item type | Acceso Libre |
| Suppress in OPAC | No |
| Withdrawn status | Lost status | Source of classification or shelving scheme | Damaged status | Not for loan | Collection | Home library | Current library | Shelving location | Date acquired | Source of acquisition | Coded location qualifier | Inventory number | Total checkouts | Full call number | Barcode | Date last seen | Copy number | Price effective from | Koha item type |
|---|---|---|---|---|---|---|---|---|---|---|---|---|---|---|---|---|---|---|---|
| Dewey Decimal Classification | Estantería E Fila 3 | Biblioteca Stanford | Biblioteca Stanford | Biblioteca Abierta | 07.04.2026 | IDIOMAS | 0471 | 0471 | Italiano | IDIOMA0471 | 07.04.2026 | 1 | 07.04.2026 | Acceso Libre |